000 nam a22 7a 4500
999 _c10882
_d10882
008 180308b ||||| |||| 00| 0 eng d
100 _aCBSE
_96699
245 _aSample Question Paper-IX
260 _aAgra
_bOswaal Book
_c2013